Têtes-mortes

Saved in:
Bibliografiske detaljer
Hovedforfatter: Beckett, Samuel (Author)
Format: Bog
Sprog:fransk
Udgivet: París Minuit 1967
Fag:
Tags: Tilføj Tag
Ingen Tags, Vær først til at tagge denne postø!

MARC

LEADER 00000nam a2200000 a 4500
001 UCQ1524
003 CL-VaPUC
008 980710e19670000FR |||||||||||||||||fre|d
082 0 4 |a 824  |b BEC  |2 21 
100 0 |a Beckett, Samuel  |e author  |9 415262 
245 1 0 |a Têtes-mortes 
300 |a 66 p 
942 |c BK 
945 |d 19980710 00:00:00  |a mvenant 
260 |a París  |b Minuit  |c 1967 
650 7 |a ENSAYOS IRLANDESES  |2 CL-VaPUC  |9 267795 
583 |a last modification  |c 19980710 00:00:00  |k Rodrigo Vera 
999 |c 272459  |d 272457 
952 |0 0  |1 0  |4 0  |6 824_000000000000000_BEC_1967  |7 0  |8 A  |9 307457  |a BIBART  |b BIBART  |d 2019-11-20  |i 344385K  |o 824 BEC 1967  |p 344385K  |r 2025-03-13  |w 2019-11-20  |y BK  |k ART